[Event "AUTO-OPEN-1213"]
[Site "http://www.queenalice.com/game.php?id=441185"]
[Date "2008.7.30"]
[Round "1"]
[White "linet"]
[Black "wolfgang"]
[Result "0-1"]
[WhiteElo "1457"]
[BlackElo "1682"]

1. e4 c5 2. b3 Nc6 3. Bb2 e5 4. Nf3 d6 5. Nc3 Nf6 6. d3 a6 7. g3 Be7 8. Nd5 O-O
9. Nxf6+ Bxf6 10. Bg2 b5 11. a3 Bb7 12. O-O a5 13. c3 Re8 14. Qe2 b4 15. a4 h6
16. Nd2 Qd7 17. f4 exf4 18. Rxf4 Be5 19. Rf3 bxc3 20. Nc4 cxb2 21. Rb1 Nd4 22.
Qd1 Nxf3+ 23. Bxf3 Bd4+ 24. Kg2 Qd8 25. Bg4 Rf8 26. Nd2 Re8 27. Nc4 Qf6 28. Qe2
d5 29. Nxb2 dxe4 30. Kh3 exd3 31. Qd2 Bc8 32. Bxc8 Raxc8 33. Nc4 Qf5+ 34. Kg2
Re2+ 0-1

[Event "AUTO-OPEN-1213"]
[Site "http://www.queenalice.com/game.php?id=441186"]
[Date "2008.7.30"]
[Round "1"]
[White "wolfgang"]
[Black "linet"]
[Result "1-0"]
[WhiteElo "1694"]
[BlackElo "1473"]

1. c4 e5 2. Nc3 Nf6 3. g3 g6 4. Bg2 c6 5. d3 d5 6. cxd5 cxd5 7. Nf3 Nc6 8. Bg5
Bg7 9. Qb3 O-O 10. O-O Be6 11. Qxb7 Ne7 12. Nxe5 h6 13. Bxf6 Bxf6 14. Nc6 Nxc6
15. Qxc6 Rc8 16. Qa4 a5 17. Rac1 d4 18. Ne4 Be5 19. Rc5 Bd7 20. Qxa5 Bc7 21. Qd2
Kg7 22. Rd5 Bb6 23. Qf4 f5 24. Qe5+ Kh7 25. Rxd7+ Qxd7 26. Nf6+ Rxf6 27. Qxf6
Qa7 28. Bd5 Rc2 29. Qf8 Qg7 30. Qxg7+ Kxg7 31. Re1 Rxb2 32. e3 dxe3 33. fxe3 Ba5
34. Rf1 Bd2 35. e4 Be3+ 36. Kh1 Rf2 37. Rxf2 Bxf2 38. Kg2 Bc5 39. Kf3 Kf6 40.
Kf4 g5+ 41. Kf3 g4+ 42. Kf4 Bd4 43. a4 Be5+ 44. Ke3 Kg5 45. d4 f4+ 46. gxf4+
Bxf4+ 47. Kf2 Kh4 48. e5 Kg5 49. a5 Bxh2 50. a6 g3+ 51. Kg2 1-0

[Event "AUTO-OPEN-1213"]
[Site "http://www.queenalice.com/game.php?id=441187"]
[Date "2008.7.30"]
[Round "1"]
[White "linet"]
[Black "alexsoncini"]
[Result "0-1"]
[WhiteElo "1486"]
[BlackElo "1991"]

1. e4 e5 2. Nf3 d6 3. d4 exd4 4. Qxd4 Nc6 5. Qd1 Bg4 6. Be2 Nf6 7. Nc3 Be7 8.
O-O Nd7 9. Nd5 Bxf3 10. Bxf3 Nce5 11. Nxe7 Qxe7 12. Be2 g5 13. Qd4 O-O 14. f4
Nc6 15. Qf2 Qxe4 16. Bd3 Qd4 17. Be3 Qg7 18. fxg5 Nde5 19. Be2 Rae8 20. Bb5 Ng4
21. Qf3 Nxe3 22. Bxc6 bxc6 23. Rf2 Qxb2 24. Re1 Qd4 25. Kh1 Qg4 26. Qxc6 Re7 27.
Rfe2 Rfe8 28. Qf3 Qxf3 29. gxf3 Nd5 30. Rxe7 Rxe7 31. Rb1 c5 32. Rb3 Kg7 33. Rb2
Kg6 34. c4 Nf4 35. h4 Kh5 36. Kg1 Kxh4 37. Rd2 Kg3 38. Kf1 Kxf3 39. Rxd6 Rb7 40.
Ke1 Rb1+ 41. Kd2 Rb2+ 42. Kc3 Rb7 43. Rf6 Kg4 44. Rc6 Ne6 45. Rd6 Kxg5 46. Ra6
h5 47. Rd6 h4 48. Rd5+ Kg4 49. Re5 h3 50. Re4+ Kf3 51. Re5 h2 52. Re1 Kg2 0-1

[Event "AUTO-OPEN-1213"]
[Site "http://www.queenalice.com/game.php?id=441188"]
[Date "2008.7.30"]
[Round "1"]
[White "alexsoncini"]
[Black "linet"]
[Result "1-0"]
[WhiteElo "2027"]
[BlackElo "1486"]

1. e4 Nf6 2. d3 e5 3. Nf3 Nc6 4. c3 d5 5. Qc2 dxe4 6. dxe4 Bc5 7. b4 Bb6 8. b5
Ne7 9. Nxe5 O-O 10. Nc4 Bxf2+ 11. Kxf2 Ng4+ 12. Kg1 Ng6 13. h3 Nf6 14. Bg5 h6
15. Bxf6 Qxf6 16. Qf2 Nf4 17. g3 Nh5 18. Qxf6 Nxf6 19. Nbd2 Bd7 20. a4 a6 21.
Na3 axb5 22. Bxb5 c6 23. Be2 Rxa4 24. Kf2 Rfa8 25. Nc2 c5 26. Rxa4 Rxa4 27. Ra1
Nxe4+ 28. Nxe4 Rxe4 29. Ra8+ Kh7 30. Bd3 Bf5 31. Bxe4 Bxe4 32. Na1 c4 33. Ke3 f5
34. h4 h5 35. Re8 Kg6 36. Rxe4 fxe4 37. Kxe4 Kf6 38. Nc2 g5 39. Na3 1-0

[Event "AUTO-OPEN-1213"]
[Site "http://www.queenalice.com/game.php?id=441189"]
[Date "2008.7.30"]
[Round "1"]
[White "linet"]
[Black "Dyggo"]
[Result "0-1"]
[WhiteElo "1479"]
[BlackElo "1746"]

1. e4 c5 2. Bc4 Nc6 3. Nf3 g6 4. b3 Bg7 5. c3 Nf6 6. e5 Ng4 7. d4 cxd4 8. cxd4
d5 9. Be2 O-O 10. O-O Nh6 11. Bg5 Nf5 12. Qd2 Qb6 13. Rd1 Re8 14. Nc3 Be6 15.
Na4 Qb4 16. Nc5 Nfxd4 17. Nxd4 Qxc5 18. Nf3 Nxe5 19. Nxe5 Bxe5 20. Rac1 Qd6 21.
g3 Rac8 22. Bf3 Rc6 23. Rxc6 bxc6 24. Qa5 Qc7 25. Qa4 a5 26. Bxd5 Rd8 27. Bf3
Rxd1+ 28. Bxd1 Kg7 29. Bd2 Qd8 30. Qxa5 Qxa5 31. Bxa5 Bd6 32. a4 c5 33. Kf1 Kf8
34. Ke2 Ke8 35. Kd3 Kd7 36. f4 Kc6 37. Bf3+ Bd5 38. Be2 Bxb3 39. Bf3+ Kd7 40.
Bb6 Bxa4 41. Kc4 Bc6 42. Bg4+ e6 43. Bxc5 f5 44. Bxd6 Kxd6 45. Be2 e5 46. Kd3
Bb5+ 47. Ke3 Bxe2 48. Kxe2 e4 49. Ke3 Kd5 50. h3 h5 51. h4 Kc4 52. Kd2 Kd4 53.
Ke2 e3 0-1

[Event "Challenge"]
[Site "http://www.queenalice.com/game.php?id=441246"]
[Date "2008.7.30"]
[Round "-"]
[White "linet"]
[Black "heberesteves"]
[Result "1-0"]
[WhiteElo "1100"]
[BlackElo "1188"]

1. e4 Nf6 2. e5 Ne4 3. d4 e6 4. Nf3 Nc6 5. Qd3 d5 6. a3 b6 7. g3 a5 8. Bg2 Ba6
9. Qe3 Be7 10. Nc3 Nxc3 11. Qxc3 O-O 12. Qxc6 Bc4 13. b3 Ba6 14. c4 dxc4 15.
bxc4 Qc8 16. O-O Bb7 17. Qa4 Qe8 18. Qc2 a4 19. Ng5 h6 20. Qh7# 1-0

[Event "Challenge"]
[Site "http://www.queenalice.com/game.php?id=441247"]
[Date "2008.7.30"]
[Round "-"]
[White "linet"]
[Black "danote"]
[Result "1-0"]
[WhiteElo "1474"]
[BlackElo "1240"]

1. e4 d6 2. Bc4 e6 3. Nf3 Bd7 4. d4 c5 5. dxc5 dxc5 6. Bg5 Qa5+ 7. Nc3 f6 8. Bd2
Qb4 9. b3 Bd6 10. Nb5 Qxb5 11. Bxb5 Bxb5 12. c4 Bc6 13. Bc3 Bf4 14. e5 Ne7 15.
Qd6 Bd7 16. exf6 Bxd6 17. fxe7 Bxe7 18. O-O-O Nc6 19. g3 O-O 20. Rd3 Bc8 21.
Rhd1 Bf6 22. Bxf6 Rxf6 23. R1d2 Rf8 24. Ne1 a5 25. f4 e5 26. fxe5 Nxe5 27. Rd5
Nc6 28. Rxc5 Bg4 29. Ng2 a4 30. Rb5 Ra5 31. Rxb7 Rb8 32. Rxb8+ Nxb8 33. Rd8+ Kf7
34. Rxb8 axb3 35. axb3 h6 36. Kb2 Rh5 37. h4 Re5 38. Nf4 Re3 39. Rb7+ Kg8 40.
Nd5 Rxg3 41. Rb8+ Kf7 42. b4 Be6 43. b5 Rd3 44. Nf4 Rd4 45. Nxe6 Kxe6 46. Rc8
Rxh4 47. b6 Rd4 48. b7 g5 49. b8=Q g4 50. Qb6+ Rd6 51. Rc6 Rxc6 52. Qxc6+ Kf5
53. Qxh6 g3 54. Qh4 1-0

[Event "AUTO-OPEN-1214"]
[Site "http://www.queenalice.com/game.php?id=441536"]
[Date "2008.7.30"]
[Round "1"]
[White "linet"]
[Black "Tessaro"]
[Result "1-0"]
[WhiteElo "1432"]
[BlackElo "1530"]

1. e4 e6 2. g3 d5 3. e5 Nc6 4. d4 Bd7 5. Nf3 Qe7 6. c4 dxc4 7. Bxc4 Qb4+ 8. Nbd2
Na5 9. a3 Qb6 10. Be2 c5 11. O-O cxd4 12. b4 Nc6 13. Nc4 Qc7 14. Nxd4 a6 15.
Nxc6 Bxc6 16. Nd6+ Bxd6 17. exd6 Qd7 18. Bb2 f6 19. Bh5+ g6 20. Bg4 Nh6 21. Bxe6
Qxe6 22. Re1 Be4 23. d7+ Kd8 24. Qa4 Rf8 25. Rad1 Qc6 26. b5 Bc2 27. bxc6 Bxa4
28. c7+ Kxc7 29. Re7 Bxd1 30. Bc1 Rf7 31. Bf4+ Kd8 32. Re8+ Kxd7 33. Rxa8 g5 34.
Be3 Nf5 35. Bb6 Kc6 36. Ba5 h5 37. Rc8+ Kb5 38. Bb4 a5 39. Rc5+ Kb6 40. Rxa5 Rc7
41. Rxf5 Rc1 42. Rxf6+ Kb5 43. f3 Bxf3+ 44. Kf2 g4 45. Rxf3 Rc2+ 46. Ke3 gxf3
47. Kxf3 Rxh2 48. Be7 Kc4 49. g4 h4 50. g5 Kd5 51. Kg4 h3 52. Bd8 1-0

[Event "AUTO-OPEN-1214"]
[Site "http://www.queenalice.com/game.php?id=441537"]
[Date "2008.7.30"]
[Round "1"]
[White "Tessaro"]
[Black "linet"]
[Result "1-0"]
[WhiteElo "1525"]
[BlackElo "1568"]

1. e4 Nf6 2. e5 Nd5 3. d4 d6 4. c4 Nb6 5. exd6 cxd6 6. Nf3 Bg4 7. Be2 Bxf3 8.
Bxf3 d5 9. cxd5 Nxd5 10. Qa4+ Nc6 11. Nc3 Nb6 12. Bxc6+ bxc6 13. Qxc6+ Nd7 14.
Nd5 Rc8 15. Qa4 e6 16. Nc3 Be7 17. O-O O-O 18. Bf4 Bf6 19. Qxa7 Nb6 20. Rfd1 Nd5
21. Nxd5 Qxd5 22. a3 Rc4 23. Rac1 Rxd4 24. Rxd4 Bxd4 25. Qc7 Bxb2 26. Re1 Bxa3
27. h3 Qd4 28. Rb1 Rd8 29. Be5 Qd3 30. Rb3 Qd1+ 31. Kh2 Qxb3 32. Qxd8+ Bf8 33.
Bd6 h6 34. Qxf8+ Kh7 35. Qxf7 Qd5 36. Be7 Qe5+ 37. g3 Qf5 38. Qxf5+ exf5 39. Kg2
Kg6 40. Kf3 Kh5 41. Kf4 Kg6 42. Ke5 Kf7 43. Kd6 g6 44. f3 h5 45. Bg5 Kg7 46. Ke6
Kg8 47. Kf6 Kh7 48. Kf7 1-0

[Event "AUTO-OPEN-1214"]
[Site "http://www.queenalice.com/game.php?id=441538"]
[Date "2008.7.30"]
[Round "1"]
[White "linet"]
[Black "wolfgang"]
[Result "1-0"]
[WhiteElo "1396"]
[BlackElo "1682"]

1. e4 c5 2. Bc4 e6 3. Nf3 Nc6 4. O-O Qc7 5. b3 Nf6 6. Bb2 d6 7. Na3 Nxe4 8. Re1
d5 9. Bxd5 exd5 10. d3 Be7 11. dxe4 dxe4 12. Rxe4 O-O 13. Bc3 a6 14. Qd5 Be6 15.
Qh5 f5 16. Rxe6 g6 17. Rxg6+ Kf7 18. Rxc6+ 1-0

[Event "AUTO-OPEN-1214"]
[Site "http://www.queenalice.com/game.php?id=441539"]
[Date "2008.7.30"]
[Round "1"]
[White "wolfgang"]
[Black "linet"]
[Result "1-0"]
[WhiteElo "1686"]
[BlackElo "1494"]

1. c4 g6 2. d4 Bg7 3. e4 e6 4. Nf3 d6 5. Nc3 Bd7 6. Bf4 Ne7 7. Be2 c6 8. Bxd6
O-O 9. Qd2 Re8 10. O-O Nc8 11. Bf4 f6 12. e5 Na6 13. Bh6 c5 14. exf6 Bxh6 15.
Qxh6 Qxf6 16. Ne4 Qg7 17. Qh4 Rf8 18. Ne5 Ne7 19. g4 Rf4 20. Nd6 Rxd4 21. Ndf7
Nc6 22. Nh6+ Kf8 23. Nxd7+ Rxd7 24. g5 Rd4 25. Qg3 Rad8 26. Rad1 Ne5 27. f4 Rxd1
28. Rxd1 Rxd1+ 29. Bxd1 Nxc4 30. Qd3 Qc7 31. Qxc4 Qd6 32. Bb3 Nc7 33. Ng4 Nd5
34. Ne5 a6 35. a4 Nc7 36. Nd3 b6 37. a5 b5 38. Qxc5 Qxc5+ 39. Nxc5 Ke7 40. Kf2
Kd6 41. Ne4+ Kc6 42. Nf6 Kc5 43. Nxh7 Nd5 44. Kf3 Kb4 45. Bc2 Kxa5 46. Bxg6 Kb4
47. Bf7 1-0

[Event "Challenge"]
[Site "http://www.queenalice.com/game.php?id=441903"]
[Date "2008.7.31"]
[Round "-"]
[White "FelipeNunes"]
[Black "linet"]
[Result "1-0"]
[WhiteElo "1634"]
[BlackElo "1486"]

1. e4 Nf6 2. Nc3 Nc6 3. Bb5 e5 4. Nf3 Bc5 5. O-O Qe7 6. d3 b6 7. Bg5 h6 8. Nd5
Qd8 9. Bxf6 gxf6 10. c3 Na5 11. Ba4 c6 12. Ne3 Bd6 13. d4 Qc7 14. Nh4 exd4 15.
cxd4 Bb7 16. Qf3 O-O-O 17. Qxf6 Rh7 18. Nhf5 Bf4 19. b4 Bxh2+ 20. Kh1 Bf4 21.
bxa5 b5 22. e5 Bg5 23. Nd6+ Kb8 24. Qf5 Qxa5 25. Bxb5 cxb5 26. Nxb7 Kxb7 27.
Qxh7 1-0

[Event "Challenge"]
[Site "http://www.queenalice.com/game.php?id=442563"]
[Date "2008.8.2"]
[Round "-"]
[White "FelipeNunes"]
[Black "linet"]
[Result "1-0"]
[WhiteElo "1713"]
[BlackElo "1473"]

1. e4 Nf6 2. Nc3 Nc6 3. Bc4 e6 4. Nf3 d6 5. O-O g6 6. d4 Bg7 7. Bg5 Qd7 8. Re1
e5 9. d5 Ne7 10. Qd2 O-O 11. h3 c6 12. Bh6 Nh5 13. Bxg7 Kxg7 14. Qg5 f5 15. dxc6
bxc6 16. exf5 Nxf5 17. g4 Nh6 18. Nxe5 dxe5 19. gxh5 Rf5 20. Qg3 Rxh5 21. Bf1
Qd8 22. Rxe5 Bf5 23. Rae1 Rg5 24. Re7+ Nf7 25. Qxg5 Qd6 26. Qg3 Qf6 27. Qe5 Bxc2
28. Qxf6+ 1-0

[Event "Challenge"]
[Site "http://www.queenalice.com/game.php?id=447723"]
[Date "2008.8.12"]
[Round "-"]
[White "linet"]
[Black "heberesteves"]
[Result "1-0"]
[WhiteElo "1457"]
[BlackElo "1243"]

1. e4 Nf6 2. e5 Ne4 3. Bc4 d5 4. Bd3 Ng5 5. h3 Nc6 6. Nf3 Ne6 7. O-O Nf4 8. Bb5
Qd7 9. Ng5 Qf5 10. Qg4 Qg6 11. Qxf4 e6 12. Bd3 Qh5 13. g4 Qh4 14. Qxf7+ Kd8 15.
Qh5 Qxh5 16. gxh5 Ke7 17. f4 h6 18. Nh7 Nd4 19. b3 a5 20. Ba3+ Kd8 21. Bxf8 a4
22. Bxg7 Rg8 23. Kh2 Rxg7 24. Nc3 axb3 25. cxb3 Ra3 26. Rg1 Rf7 27. Nf6 Nf3+ 28.
Kh1 b6 29. Rg8+ Ke7 30. Rxc8 Rg7 31. Rxc7+ Kf8 32. Rc6 d4 33. Nce4 Nh4 34. Rxe6
Ra8 35. Bb5 Rg2 36. Rxb6 Re2 37. Nc5 Rf2 38. Rb7 Rxf4 39. Ne6# 1-0

[Event "Challenge"]
[Site "http://www.queenalice.com/game.php?id=459134"]
[Date "2008.9.6"]
[Round "-"]
[White "cridio"]
[Black "linet"]
[Result "1-0"]
[WhiteElo "1453"]
[BlackElo "1465"]

1. e3 e5 2. Qh5 Nc6 3. Bb5 d6 4. f4 exf4 5. Bc4 Nh6 6. b4 g6 7. Qf3 fxe3 8.
Qxe3+ Ne5 9. Bb3 Bg7 10. Qf4 Neg4 11. Qf1 O-O 12. c3 Re8+ 13. Kd1 Bf5 14. h3 Ne5
15. Ne2 1-0